Statistics for Countries that produce the most strawberries

Click here to take the quiz!

General Stats

  • This quiz has been taken 30 times
  • The average score is 6 of 10

Answer Stats

HintAnswer% Correct
1 300 000 tUSA
96%
229 000Mexico
84%
263 000Spain
72%
184 000Russia
68%
154 000Germany
64%
166 000Poland
56%
302 000Turkey
56%
177 000Japan
52%
240 000Egypt
32%
172 000South Korea
24%

Score Distribution

Percentile by Number Answered

Percent of People with Each Score

Your Score History

You have not taken this quiz